00428nam a2200157Ia 450000500170000000800410001704100080005808200170006610000150008324500230009826000550012130000090017650000240018565000230020970000380023220230502162511.0230125s9999 xx 000 0 und d aeng a658.834bPHA aPhadtare P aConsumer Behaviour c2010bSymbiosis centre for distance learningaPune a278p aConsumer behaviour  aConsumer behaviour aPhadtare P & Nandini Madan, Donor